[Event "XVIII Najdorf Open 2018"]
[Site "Warsaw"]
[Date "2018.07.12"]
[Round "5"]
[White "Oglaza, Oskar"]
[Black "Kubicka, Anna"]
[Result "1/2-1/2"]
[WhiteElo "2344"]
[BlackElo "2172"]
[Annotator "NA"]
[PlyCount "66"]
[EventDate "2018.07.08"]
[EventCountry "POL"]
[SourceTitle "playchess.com"]
[Source "ChessBase"]
[SourceQuality "1"]

1. Nf3 Nf6 2. g3 d5 3. d4 e6 4. c4 dxc4 5. Bg2 a6 6. O-O Nbd7 7. Qc2 Be7 8. Nbd2 O-O 9. Nxc4 c5 10. Rd1 cxd4 11. Nxd4 Qc7 12. Bf4 Qc5 13. e4 b5 14. e5 Nd5 15. Bxd5 Qxd5 16. Nf5 Qc5 17. Be3 Qc7 18. Nxe7+ Kh8 19. Rd4 f5 20. Qe2 f4 21. Nd6 fxe3 22. Rh4 exf2+ 23. Kf1 h6 24. Rxh6+ gxh6 25. Qh5 Qc2 26. Ng6+ Kg7 27. Nxf8 Qd3+ 28. Kxf2 Qd4+ 29. Kf1 Qd3+ 30. Kf2 Qd4+ 31. Kf1 Qd3+ 32. Kf2 Qd4+ 33. Kf1 Qd3+ 1/2-1/2

[Event "XVIII Najdorf Open 2018"]
[Site "Warsaw"]
[Date "2018.07.12"]
[Round "5"]
[White "Warakomska, Anna"]
[Black "Sliwicka, Alicja"]
[Result "1-0"]
[WhiteElo "2342"]
[BlackElo "2274"]
[Annotator "RC"]
[PlyCount "115"]
[EventDate "2018.07.08"]
[EventCountry "POL"]
[SourceTitle "playchess.com"]
[Source "ChessBase"]
[SourceQuality "1"]

1. e4 c5 2. Nf3 d6 3. d4 Nf6 4. Nc3 cxd4 5. Nxd4 Nc6 6. Bg5 e6 7. Qd2 a6 8. O-O-O Qb6 9. Bxf6 gxf6 10. Nb3 Bd7 11. f4 O-O-O 12. Be2 h5 13. Rhf1 Be7 14. Rf3 Rdg8 15. Bf1 Kb8 16. Kb1 Na5 17. Nd5 exd5 18. Nxa5 Bd8 19. Ra3 dxe4 20. Nxb7 Qxb7 21. Bxa6 Qc7 22. Rb3+ Ka8 23. Bb7+ Qxb7 24. Rxb7 Kxb7 25. Qb4+ Bb6 26. Qxe4+ Bc6 27. Qe7+ Bc7 28. Qxf6 Bxg2 29. b3 h4 30. Rd4 Bc6 31. Rb4+ Kc8 32. Kb2 Bd5 33. f5 h3 34. Rd4 Bc6 35. Rc4 Bd5 36. Rc3 Kb8 37. a4 Rd8 38. Qd4 Bb7 39. b4 Rhe8 40. Qc4 Rd7 41. a5 d5 42. Qb5 Be5 43. Qxd7 Rc8 44. Kb1 Bxc3 45. Qd6+ Ka8 46. b5 Rc4 47. a6 Rb4+ 48. Kc1 Rxb5 49. axb7+ Kxb7 50. Qd7+ Kb6 51. Qxf7 Ra5 52. Kd1 Kc5 53. Ke2 Ra6 54. Qe7+ Rd6 55. Qe3+ Kc4 56. Qxh3 Rd7 57. f6 Rd6 58. f7 1-0

[Event "XVIII Najdorf Open 2018"]
[Site "Warsaw"]
[Date "2018.07.12"]
[Round "5"]
[White "Chylewski, Patryk"]
[Black "Kanarek, Marcel"]
[Result "0-1"]
[WhiteElo "2335"]
[BlackElo "2508"]
[Annotator "ChessBase"]
[PlyCount "60"]
[EventDate "2018.07.08"]
[EventCountry "POL"]
[SourceTitle "playchess.com"]
[Source "ChessBase"]
[SourceQuality "1"]

1. d4 Nf6 2. c4 g6 3. Nc3 Bg7 4. e4 d6 5. Bd3 O-O 6. Nge2 Nc6 7. O-O e5 8. d5 Nd4 9. Be3 Ng4 10. Bd2 c5 11. dxc6 bxc6 12. f3 Nf6 13. Nxd4 exd4 14. Ne2 Nd7 15. b4 Ne5 16. Qc2 c5 17. b5 f5 18. Nf4 Kh8 19. a4 g5 20. Nd5 f4 21. a5 Be6 22. a6 Qd7 23. Rab1 g4 24. b6 Bxd5 25. exd5 axb6 26. Rxb6 gxf3 27. gxf3 Qh3 28. Be4 Rg8 29. Kf2 d3 30. Qd1 Nxc4 0-1

[Event "XVIII Najdorf Open 2018"]
[Site "Warsaw"]
[Date "2018.07.12"]
[Round "5"]
[White "Kowalski, Igor"]
[Black "Wieczorek, Oskar"]
[Result "0-1"]
[WhiteElo "2324"]
[BlackElo "2470"]
[Annotator "TA"]
[PlyCount "108"]
[EventDate "2018.07.08"]
[EventCountry "POL"]
[SourceTitle "playchess.com"]
[Source "ChessBase"]
[SourceQuality "1"]

{[%evp 33,108,0,0,0,0,0,-6,-25,-23,-148,-156,-174,-172,-206,-216,-218,-179,-245,-216,-243,-226,-229,-208,-289,-114,-114,-114,-123,-114,-114,-114,-114,-115,-131,-131,-131,-131,-144,-97,-166,-162,-173,-162,-186,-193,-191,-185,-309,-192,-193,-199,-211,-221,-220,-219,-284,-267,-276,-276,-318,-158,-158,-158,-360,-360,-751,-685,-12837,-12838,-12838,-12836,-12837,-12837,-12841,-12841,-12841,-12752]} 1. d4 Nf6 2. c4 g6 3. Nc3 d5 4. cxd5 Nxd5 5. e4 Nxc3 6. bxc3 Bg7 7. Nf3 c5 8. Rb1 O-O 9. Be2 Nc6 10. d5 Ne5 11. Nxe5 Bxe5 12. Qd2 e6 13. f4 Bc7 14. O-O exd5 15. exd5 Ba5 16. Rb5 {D85: Exchange Grünfeld: Unusual White 7th moves and lines with 7 Nf3} (16. Ba3 Qd6 17. Rb5 Bb6 18. c4 Bf5 19. g4 Be4 20. Bb2 f6 21. g5 Qd7 22. Bxf6 Bd8 23. Bb2 Qh3 24. Rf2 Bxg5 25. Rxb7 {1-0 (35) Korobov,A (2700)-Smirin,I (2655) Poikovsky 2015 CBM 169 [CB]}) 16... b6 17. Rxa5 bxa5 {LiveBook: 5 Games} 18. Ba3 {The position is equal.} Qd6 19. Qe3 Qxd5 $146 {And now ...Bb7 would win.} ({Predecessor:} 19... Bf5 20. Bxc5 Qxd5 21. c4 Qe6 22. Qxe6 Bxe6 23. Bxf8 Kxf8 {0-1 (45) Krivoshey,S (2461)-Hossain,E (2419) Sautron 2001}) 20. Bxc5 Qe6 21. Qd2 (21. Qd4 $11 {keeps the balance.}) 21... Re8 $17 22. Bf3 Ba6 $1 {[%cal Ra6f1]} 23. Rc1 Rad8 24. Bd4 Bc4 25. h4 (25. a4 {might work better.}) 25... h5 26. Qf2 a6 27. Kh2 Bxa2 28. Ra1 Bc4 $2 (28... Bd5 $19 {and Black stays clearly on top. aiming for ...Bxf3.} 29. Rxa5 Bxf3 30. Qxf3 Qe1) 29. Rxa5 Bb5 30. Qg3 Qe1 31. f5 Qxg3+ $1 32. Kxg3 Re1 33. Ra2 Kh7 34. Kf4 Rde8 35. Kg5 Be2 36. Kf6 (36. Rb2 $17 {was necessary.} Bb5 37. Rf2) 36... Bd3 $1 $19 37. Ra5 Bxf5 38. Rxa6 R8e6+ 39. Rxe6 Bxe6 {[%mdl 4096] Endgame KRB-KB} ({Stronger than} 39... Rxe6+ 40. Kxf7 Re1 41. Kf6 $11) 40. Kg5 (40. Bb7 {keeps fighting.}) 40... Kg8 41. Kf4 Kf8 42. Bf6 Ke8 43. Bc6+ {[#]} Bd7 $1 {[%cal Rd7c6]} 44. Bf3 Bb5 45. Bd4 Kd7 46. g4 {[#]} hxg4 (46... Be2 $1 $19 47. Bxe2 Rxe2 48. gxh5 gxh5) 47. Bxg4+ $17 f5 48. Bh3 $2 (48. Bf3 $17) 48... Rh1 $19 49. Kg3 $2 (49. Bg2 Rxh4+ 50. Ke5) 49... Bf1 {Black is clearly winning.} 50. Bxf1 Rxf1 51. Be3 Ke6 52. Kg2 Re1 53. Bf2 Re4 54. Kf3 Ke5 {Precision: White = 33%, Black = 73%.} 0-1

[Event "XVIII Najdorf Open 2018"]
[Site "Warsaw"]
[Date "2018.07.12"]
[Round "5"]
[White "Kucza, Karol"]
[Black "Kowalczyk, Rafal"]
[Result "1/2-1/2"]
[WhiteElo "2308"]
[BlackElo "2209"]
[Annotator "NA"]
[PlyCount "56"]
[EventDate "2018.07.08"]
[EventCountry "POL"]
[SourceTitle "playchess.com"]
[Source "ChessBase"]
[SourceQuality "1"]

1. e4 e5 2. Nf3 Nc6 3. Bb5 a6 4. Ba4 Nf6 5. O-O Be7 6. Re1 b5 7. Bb3 d6 8. c3 O-O 9. h3 Na5 10. Bc2 c5 11. d4 Nd7 12. Nbd2 exd4 13. cxd4 Nc6 14. d5 Nce5 15. a4 Rb8 16. axb5 axb5 17. Nxe5 Nxe5 18. f4 Ng6 19. Nf3 Bh4 20. Nxh4 Qxh4 21. f5 Ne5 22. Rf1 b4 23. Bf4 Qe7 24. Kh2 f6 25. Qe1 Re8 26. Qg3 Qb7 27. Bxe5 Rxe5 28. b3 Ra8 1/2-1/2

[Event "XVIII Najdorf Open 2018"]
[Site "Warsaw"]
[Date "2018.07.12"]
[Round "5"]
[White "Krstulovic, Alex"]
[Black "Sanz Losada, Victoriano"]
[Result "1-0"]
[WhiteElo "2305"]
[BlackElo "2091"]
[Annotator "NA"]
[PlyCount "47"]
[EventDate "2018.07.08"]
[EventCountry "POL"]
[SourceTitle "playchess.com"]
[Source "ChessBase"]
[SourceQuality "1"]

1. d4 Nf6 2. c4 e6 3. Nf3 d5 4. Nc3 c6 5. Bg5 Nbd7 6. e3 Be7 7. Bd3 O-O 8. O-O b6 9. e4 dxe4 10. Nxe4 Bb7 11. Qe2 c5 12. Rad1 h6 13. Bxf6 Nxf6 14. dxc5 bxc5 15. Nxf6+ Bxf6 16. Bh7+ Kxh7 17. Rxd8 Rfxd8 18. Rd1 g6 19. Rxd8 Rxd8 20. Kf1 Kg7 21. Ke1 g5 22. Qe3 Bxb2 23. Qb3 Bf6 24. Qd3 1-0

[Event "XVIII Najdorf Open 2018"]
[Site "Warsaw"]
[Date "2018.07.12"]
[Round "5"]
[White "Miroshnichenko, Pavel"]
[Black "Mulet, Piotr"]
[Result "0-1"]
[WhiteElo "2304"]
[BlackElo "2202"]
[Annotator "NA"]
[PlyCount "74"]
[EventDate "2018.07.08"]
[EventCountry "POL"]
[SourceTitle "playchess.com"]
[Source "ChessBase"]
[SourceQuality "1"]

1. Nf3 d5 2. d4 Nf6 3. c4 g6 4. cxd5 Bg7 5. Qa4+ Kf8 6. Nc3 Nxd5 7. e4 Nb6 8. Qd1 Bg4 9. Be3 Bxf3 10. gxf3 Nc6 11. d5 Ne5 12. f4 Nec4 13. Bd4 e5 14. Bc5+ Kg8 15. Qb3 Nd6 16. fxe5 Bxe5 17. O-O-O Qf6 18. Bd3 Nd7 19. Be3 c5 20. dxc6 bxc6 21. Qc2 Nf8 22. Na4 Ne6 23. Bc4 Nxc4 24. Qxc4 Kg7 25. Rd2 Rhd8 26. Rhd1 Bxh2 27. Rxd8 Rxd8 28. Rxd8 Qxd8 29. Qc3+ Kg8 30. Qxc6 h5 31. Nc3 Qd3 32. Nd5 Be5 33. f4 Qf1+ 34. Kd2 Qg2+ 35. Kd3 Qf1+ 36. Kd2 Qg2+ 37. Kd3 Qf1+ 0-1

[Event "XVIII Najdorf Open 2018"]
[Site "Warsaw"]
[Date "2018.07.12"]
[Round "5"]
[White "Walter, Szymon"]
[Black "Fus, Jakub"]
[Result "1-0"]
[WhiteElo "2296"]
[BlackElo "2195"]
[Annotator "NA"]
[PlyCount "69"]
[EventDate "2018.07.08"]
[EventCountry "POL"]
[SourceTitle "playchess.com"]
[Source "ChessBase"]
[SourceQuality "1"]

1. e4 e6 2. d4 d5 3. Nc3 Bb4 4. e5 Ne7 5. a3 Bxc3+ 6. bxc3 b6 7. h4 Ba6 8. Bxa6 Nxa6 9. h5 h6 10. Qg4 Nf5 11. Qf4 c5 12. g4 Ne7 13. Rh3 Rc8 14. Ne2 cxd4 15. Rf3 Rf8 16. cxd4 Rc4 17. Bd2 Qd7 18. Qe3 Qa4 19. c3 Qc2 20. Ng3 Nc7 21. g5 hxg5 22. Qxg5 Qh7 23. a4 Kd7 24. Kf1 Ne8 25. Kg2 f6 26. Qe3 Qg8 27. a5 b5 28. Rh1 a6 29. h6 gxh6 30. Qxh6 Nf5 31. Qh7+ Qg7 32. Rxf5 exf5 33. Qxf5+ Kd8 34. Rh7 fxe5 35. Bg5+ 1-0

[Event "XVIII Najdorf Open 2018"]
[Site "Warsaw"]
[Date "2018.07.12"]
[Round "5"]
[White "Paszewski, Mateusz"]
[Black "Heberla, Bartlomiej"]
[Result "0-1"]
[WhiteElo "2293"]
[BlackElo "2563"]
[Annotator "RC"]
[PlyCount "82"]
[EventDate "2018.07.08"]
[EventCountry "POL"]
[SourceTitle "playchess.com"]
[Source "ChessBase"]
[SourceQuality "1"]

1. e4 d6 2. d4 g6 3. Nf3 Nf6 4. Nc3 Bg7 5. Be2 O-O 6. O-O c6 7. a4 Qc7 8. Re1 Nbd7 9. Bf1 e5 10. h3 b6 11. Be3 a6 12. dxe5 dxe5 13. Nd2 Bb7 14. Nc4 b5 15. Qd6 Qd8 16. Na5 Qc8 17. f3 Re8 18. Qd2 Bf8 19. Qf2 Qc7 20. axb5 cxb5 21. Nxb7 Qxb7 22. Red1 Rac8 23. Nd5 Re6 24. Nxf6+ Nxf6 25. Rd2 Rec6 26. Rad1 Bc5 27. Bxc5 Rxc5 28. c3 Kg7 29. Kh2 Qe7 30. Bd3 a5 31. Bb1 a4 32. Qe2 R8c7 33. Ba2 Nh5 34. Qf2 a3 35. bxa3 Rxc3 36. Rb1 Qg5 37. Rb3 Qf4+ 38. g3 Nxg3 39. Kg2 Rc1 40. Qe3 Qxe3 41. Rxe3 Nf1 0-1

[Event "XVIII Najdorf Open 2018"]
[Site "Warsaw"]
[Date "2018.07.12"]
[Round "5"]
[White "Pacan Milej, Kosma"]
[Black "Percivaldi, Martin"]
[Result "1/2-1/2"]
[WhiteElo "2282"]
[BlackElo "2393"]
[Annotator "NA"]
[PlyCount "68"]
[EventDate "2018.07.08"]
[EventCountry "POL"]
[SourceTitle "playchess.com"]
[Source "ChessBase"]
[SourceQuality "1"]

1. e4 e6 2. d4 d5 3. Bd3 dxe4 4. Bxe4 Nf6 5. Bf3 Nbd7 6. Ne2 Be7 7. O-O Rb8 8. Nbc3 b5 9. a4 b4 10. Nb5 Bb7 11. Bf4 Bxf3 12. Nxc7+ Kf8 13. gxf3 Nh5 14. Na6 Rc8 15. Bg3 Qb6 16. Qd3 Rc6 17. Nc5 Nxc5 18. dxc5 Qxc5 19. Nd4 Nxg3 20. hxg3 Rd6 21. Rad1 g6 22. Qe4 Kg7 23. Nb3 Qc7 24. Qe5+ f6 25. Qe3 Rhd8 26. Rd4 e5 27. Rxd6 Rxd6 28. f4 exf4 29. Qxf4 Qxc2 30. Qxb4 Qc7 31. Qf4 Rc6 32. Qe3 Bc5 33. Nxc5 Rxc5 34. Re1 Re5 1/2-1/2

[Event "XVIII Najdorf Open 2018"]
[Site "Warsaw"]
[Date "2018.07.12"]
[Round "5"]
[White "Baum, Jonasz"]
[Black "Kaminski, Jan"]
[Result "1/2-1/2"]
[WhiteElo "2272"]
[BlackElo "2013"]
[Annotator "ChessBase"]
[PlyCount "106"]
[EventDate "2018.07.08"]
[EventCountry "POL"]
[SourceTitle "playchess.com"]
[Source "ChessBase"]
[SourceQuality "1"]

1. e4 c5 2. Nf3 g6 3. d4 cxd4 4. Qxd4 Nf6 5. e5 Nc6 6. Qa4 Nd5 7. Qb3 Nc7 8. Ng5 Ne6 9. Nxe6 dxe6 10. f4 Bg7 11. Be3 O-O 12. Nd2 Qc7 13. Bd3 Rd8 14. Nf3 b6 15. h4 Na5 16. Qb4 Bb7 17. Rd1 Rac8 18. Kf2 Rd5 19. b3 Rcd8 20. Rd2 Nc6 21. Qc3 R8d7 22. Kg3 f6 23. Bc4 Na5 24. Bxd5 Qxc3 25. Bxe6+ Kh8 26. Rxd7 Qxe3 27. Rd8+ Bf8 28. Rxf8+ Kg7 29. Rf7+ Kh6 30. b4 Bxf3 31. gxf3 fxe5 32. bxa5 exf4+ 33. Rxf4 Qxe6 34. axb6 axb6 35. Re4 Qxa2 36. Rh2 Qd5 37. Rhe2 Qd6+ 38. Kg2 Qf6 39. Kg3 Qd6+ 40. f4 Qd1 41. Rxe7 Qg1+ 42. Rg2 Qf1 43. Ree2 Kh5 44. Ref2 Qh1 45. Kf3 Kxh4 46. f5 Qd1+ 47. Ke4 gxf5+ 48. Kxf5 Qd5+ 49. Kf4 Qd4+ 50. Kf3 Qc3+ 51. Ke4 Qc4+ 52. Ke3 Qc3+ 53. Ke4 Qc4+ 1/2-1/2

[Event "XVIII Najdorf Open 2018"]
[Site "Warsaw"]
[Date "2018.07.12"]
[Round "5"]
[White "Siekanski, Janusz"]
[Black "Rakesh, Kumar Jena"]
[Result "1/2-1/2"]
[WhiteElo "2269"]
[BlackElo "2385"]
[Annotator "NA"]
[PlyCount "41"]
[EventDate "2018.07.08"]
[EventCountry "POL"]
[SourceTitle "playchess.com"]
[Source "ChessBase"]
[SourceQuality "1"]

1. d4 f5 2. c4 Nf6 3. Nc3 g6 4. h4 Bg7 5. h5 Nxh5 6. e4 e6 7. exf5 exf5 8. Rxh5 gxh5 9. Qxh5+ Kf8 10. Nd5 h6 11. Qxf5+ Kg8 12. c5 d6 13. Qe4 Kf7 14. Be2 Nc6 15. Bh5+ Kg8 16. Bf4 Nxd4 17. Ne7+ Kf8 18. Ng6+ Kg8 19. Ne7+ Kf8 20. Ng6+ Kg8 21. Ne7+ 1/2-1/2

[Event "XVIII Najdorf Open 2018"]
[Site "Warsaw"]
[Date "2018.07.12"]
[Round "5"]
[White "Dhulipalla, Bala Chandra Prasad"]
[Black "Molenda, Marcin"]
[Result "1/2-1/2"]
[WhiteElo "2268"]
[BlackElo "2382"]
[Annotator "TA"]
[PlyCount "82"]
[EventDate "2018.07.08"]
[EventCountry "POL"]
[SourceTitle "playchess.com"]
[Source "ChessBase"]
[SourceQuality "1"]

{[%evp 14,82,26,10,12,12,19,17,35,2,34,37,45,47,54,41,60,-69,-14,-50,-38,-79,-52,-54,-54,-107,29,47,31,38,40,32,64,70,85,64,92,17,16,0,0,0,0,-73,-73,-167,-164,-162,-127,-135,-131,-125,0,-189,-120,-150,-63,-21,0,-136,41,11,11,0,0,0,0,0,0,0,0]} 1. d4 Nf6 2. c4 e6 3. g3 d5 4. Nf3 dxc4 5. Bg2 a6 6. O-O Nc6 7. e3 Bd7 8. Nfd2 {LiveBook: 3 Games. E04: Open Catalan: 5 Nf3} (8. Qe2 Bd6 9. Qxc4 O-O 10. Rd1 Qe7 11. Nc3 b5 12. Qd3 e5 13. dxe5 Bxe5 14. e4 Bg4 15. Bg5 Qe6 {½-½ (33) Gelfand,B (2725)-Oparin,G (2616) Moscow 2016}) 8... b5 9. b3 cxb3 10. Nxb3 Bd6 $146 ({Predecessor:} 10... Rc8 11. Bb2 Be7 12. Nc3 O-O 13. Rc1 Nb4 14. e4 c5 15. Nxc5 Bxc5 16. dxc5 {0-1 (84) Shetty,R (2248)-Prasanna Raghuram,R (2419) Chennai 2013}) 11. Qc2 {[%mdl 1024] White has compensation.} Nb4 12. Qe2 O-O 13. a3 Nc6 $1 14. Qc2 Qe8 15. e4 (15. Bb2 $14) 15... a5 (15... e5 $15 16. f4 exd4) 16. Bb2 (16. e5 $5 {[%cal Re5f6]} a4 17. exf6 axb3 18. Qd1 $15) 16... a4 17. Nc1 {aiming for e5.} Be7 18. Nd3 b4 19. d5 (19. axb4 $15 Nxb4 20. Nxb4 Bxb4 21. Rc1) 19... bxa3 (19... b3 $17 20. Qc3 Na7) 20. Bxf6 $1 $11 Bxf6 21. dxc6 Bxa1 22. Nxa3 Bd4 23. cxd7 Qxd7 24. e5 $1 Ra6 25. Rd1 (25. Be4 $16) 25... Qe7 26. Qc4 {Black must now prevent Nc2.} Ra5 $1 27. Nb5 Bb6 28. Rc1 (28. Ra1 $11) 28... a3 $17 29. Nb4 (29. Rc2 $17) 29... Qg5 $19 30. Re1 Qd2 31. Re2 Qd1+ 32. Bf1 Rfa8 (32... Rd8 $17 33. Nc6 Ra4) 33. Na2 $2 (33. Ra2 $1 $11) 33... Rd8 (33... Qd5 $19 34. Qxd5 exd5) 34. Nb4 Ra4 (34... g6 $1 $17 {Strongly threatening ...Rb8.} 35. Kg2 c5) 35. Nc3 $15 Qc1 36. Ra2 {[#]} (36. Qb3 $1 $11 {keeps the balance.} Raa8 37. Rc2) 36... Raa8 $2 ({Black should try} 36... Rxb4 $1 $17 {[%mdl 512]} 37. Qxb4 Rd2) 37. Nd3 (37. Rc2 $5 {[%cal Rc2c1]} Qg5 38. Qe2 $11) 37... Qg5 {The position is equal.} 38. Nb5 h5 39. Rxa3 Rxa3 40. Nxa3 Rd4 41. Qc6 {Qe8+ is the strong threat.} Qf5 {Precision: White = 36%, Black = 37%.} 1/2-1/2

[Event "XVIII Najdorf Open 2018"]
[Site "Warsaw"]
[Date "2018.07.12"]
[Round "5"]
[White "Dubinski, Mateusz"]
[Black "Das, Arghyadip"]
[Result "1/2-1/2"]
[WhiteElo "2245"]
[BlackElo "2436"]
[Annotator "NA"]
[PlyCount "52"]
[EventDate "2018.07.08"]
[EventCountry "POL"]
[SourceTitle "playchess.com"]
[Source "ChessBase"]
[SourceQuality "1"]

1. d4 Nf6 2. Nf3 g6 3. g3 Bg7 4. Bg2 O-O 5. O-O d6 6. c4 Nbd7 7. Nc3 e5 8. h3 Re8 9. dxe5 dxe5 10. Be3 c6 11. Qc2 Qe7 12. Rac1 Nf8 13. Rfd1 Bf5 14. Qa4 N6d7 15. Nd2 Red8 16. b4 Nb6 17. Qa5 Be6 18. Bc5 Qc7 19. Nce4 Rd7 20. Bxb6 Qxb6 21. Nc5 Rc7 22. Nde4 Qxa5 23. bxa5 b6 24. Na6 Rd7 25. Rxd7 Bxd7 26. Rb1 f5 1/2-1/2

[Event "XVIII Najdorf Open 2018"]
[Site "Warsaw"]
[Date "2018.07.12"]
[Round "5"]
[White "Dzierzak, Radoslaw"]
[Black "Lewicki, Miroslaw"]
[Result "1-0"]
[WhiteElo "2244"]
[BlackElo "2361"]
[Annotator "NA"]
[PlyCount "83"]
[EventDate "2018.07.08"]
[EventCountry "POL"]
[SourceTitle "playchess.com"]
[Source "ChessBase"]
[SourceQuality "1"]

1. e4 c5 2. Nf3 d6 3. Bb5+ Nd7 4. O-O Ngf6 5. Re1 e6 6. c3 Be7 7. d4 O-O 8. Nbd2 a6 9. Bd3 e5 10. d5 Rb8 11. a4 b6 12. Qe2 Ra8 13. h3 h6 14. Nc4 Bb7 15. Ne3 Re8 16. Nf5 Bf8 17. g4 Bxd5 18. exd5 e4 19. Bf4 Nxd5 20. Bxe4 Nxf4 21. Qd2 Nxh3+ 22. Kg2 Ng5 23. Nxg5 hxg5 24. Bxa8 Qxa8+ 25. f3 Ne5 26. Re3 Re6 27. Qe2 Ng6 28. Qd2 Rf6 29. Rae1 Ne5 30. Rxe5 dxe5 31. Rxe5 g6 32. Qxg5 Qc6 33. Re4 Re6 34. Ng3 Kg7 35. Rxe6 Qxe6 36. Nh5+ Kh8 37. Qf6+ Kg8 38. Qxe6 fxe6 39. Nf6+ Kf7 40. Nd7 b5 41. axb5 axb5 42. Nxf8 1-0

[Event "XVIII Najdorf Open 2018"]
[Site "Warsaw"]
[Date "2018.07.12"]
[Round "5"]
[White "Spitzl, Vinzent"]
[Black "Murdzia, Piotr"]
[Result "1/2-1/2"]
[WhiteElo "2241"]
[BlackElo "2410"]
[Annotator "TA"]
[PlyCount "33"]
[EventDate "2018.07.08"]
[EventCountry "POL"]
[SourceTitle "playchess.com"]
[Source "ChessBase"]
[SourceQuality "1"]

{[%evp 21,33,2,5,0,0,0,0,0,0,0,0,0,0,0]} 1. e4 e5 2. Nf3 Nc6 3. Bb5 g6 4. O-O Bg7 5. c3 a6 6. Ba4 d6 7. d4 Bd7 8. dxe5 Nxe5 9. Nxe5 dxe5 10. Qxd7+ {C76: Spanische Partie (Moderne Steinitz-Verteidigung)} (10. Bg5 Ne7 11. Bxd7+ Qxd7 12. Qb3 Qb5 13. Qxb5+ axb5 14. Na3 c6 15. c4 b4 16. Nc2 c5 17. a3 f6 {0-1 (57) Gharamian,T (2615)-Moussard,J (2598) Schifflange 2017}) 10... Qxd7 11. Bxd7+ Kxd7 {LiveBook: 7 Partien. Die Stellung ist ausgeglichen.} 12. Na3 Nf6 $146 ({Vorgänger:} 12... Ke6 13. Be3 Nf6 14. f3 Nd7 15. Nc4 a5 16. a4 Rhd8 17. Rfd1 Bf6 18. Rd5 b6 {½-½ (56) Isgandarova,K (2257)-Karavade,E (2397) Kocaeli 2017}) 13. f3 Bf8 14. Nc4 Bc5+ 15. Be3 Bxe3+ 16. Nxe3 Ke6 17. Rfd1 1/2-1/2

[Event "XVIII Najdorf Open 2018"]
[Site "Warsaw"]
[Date "2018.07.12"]
[Round "5"]
[White "Mahalakshmi, Muganda Kumar"]
[Black "Michalczak, Thomas"]
[Result "1/2-1/2"]
[WhiteElo "2238"]
[BlackElo "2309"]
[Annotator "NA"]
[PlyCount "69"]
[EventDate "2018.07.08"]
[EventCountry "POL"]
[SourceTitle "playchess.com"]
[Source "ChessBase"]
[SourceQuality "1"]

1. Nf3 Nf6 2. g3 g6 3. b3 c5 4. c4 d6 5. Bg2 e5 6. d3 Bg7 7. Bb2 O-O 8. O-O Nc6 9. Nc3 Bf5 10. Nd2 Qd7 11. Nde4 Ne8 12. Nd5 Bh3 13. Bxh3 Qxh3 14. f4 exf4 15. Nxf4 Qd7 16. Bxg7 Kxg7 17. Qd2 f5 18. Qb2+ Kg8 19. Nd5 Qg7 20. Qxg7+ Kxg7 21. Ng5 Nd4 22. e3 h6 23. exd4 hxg5 24. Rae1 Rf7 25. Re6 Rd8 26. Rfe1 Nf6 27. Nxf6 Rxf6 28. Re7+ Rf7 29. d5 Rdf8 30. Kg2 Rxe7 31. Rxe7+ Rf7 32. Re8 Rf8 33. Re7+ Rf7 34. Re6 Rf6 35. Re7+ 1/2-1/2

[Event "XVIII Najdorf Open 2018"]
[Site "Warsaw"]
[Date "2018.07.12"]
[Round "5"]
[White "Polatel, Ali"]
[Black "Niekras, Dawid"]
[Result "1-0"]
[WhiteElo "2238"]
[BlackElo "2351"]
[Annotator "NA"]
[PlyCount "213"]
[EventDate "2018.07.08"]
[EventCountry "POL"]
[SourceTitle "playchess.com"]
[Source "ChessBase"]
[SourceQuality "1"]

1. d4 Nf6 2. c4 g6 3. Nf3 Bg7 4. g3 O-O 5. Bg2 c5 6. Nc3 d5 7. cxd5 Nxd5 8. O-O cxd4 9. Nxd4 Nxc3 10. bxc3 Qc7 11. Rb1 {D75: Fianchetto Grünfeld: Main Line with 7...c5} (11. Qb3 Nd7 12. Nb5 Qa5 13. Be3 Ne5 14. Qb4 Qxb4 15. cxb4 Bg4 16. Rfe1 Nc4 17. Bd4 Bxd4 18. Nxd4 Rad8 {½-½ (32) Li,S (2524)-Li,C (2720) Beijing 2017}) 11... Nd7 12. Qb3 a6 13. Ba3 Ne5 14. Rfd1 Rb8 15. Qb4 Re8 16. Qc5 Qxc5 17. Bxc5 Nd7 18. Ba3 e5 $146 ({Predecessor:} 18... Be5) 19. Nb3 e4 20. Bd6 Ra8 21. c4 b6 22. f3 Ne5 23. Nd2 Be6 24. fxe4 Rad8 25. Bc7 Rd7 26. Bxb6 Nxc4 27. Nxc4 Rxd1+ 28. Rxd1 Bxc4 29. Rd2 Rb8 30. Be3 Rb1+ 31. Kf2 Bc3 32. Rc2 Be1+ 33. Kf3 Be6 34. Bd4 Rb4 35. e3 Rc4 36. Rb2 Rb4 37. Re2 Rb1 38. Rc2 Kf8 39. Bf6 Rb8 40. Bf1 a5 41. a4 Rb6 42. Bd4 Rb8 43. Bf6 Rb6 44. Bd4 Rb8 45. Bb5 Bb4 46. Rc7 h5 47. Bf6 Bg4+ 48. Kf2 Bd6 49. Rc1 Ba3 50. Rc7 (50. Rc2 $16) 50... Bd6 51. Rc2 Bb4 52. Kg2 Be6 53. Kf3 Bd6 54. e5 Bb4 55. Rc7 Bg4+ 56. Kf4 Be6 57. Ke4 Bd2 58. Kd3 Bb4 59. Kd4 Bd2 60. Be7+ Kg7 61. Bf6+ Kf8 62. Kd3 Bb4 63. h3 Bxh3 64. Bc4 Bf1+ 65. Kd4 Bxc4 66. Kxc4 Be1 67. Ra7 Bxg3 68. Rxa5 h4 69. Rb5 Ra8 70. Kd3 Ke8 71. Rb4 h3 72. Ke2 $1 h2 73. Rb1 g5 ({Reject} 73... Rxa4 $6 74. Rd1 $16) 74. Kf3 Bh4 75. Kg2 Rxa4 {[#]} 76. Kxh2 (76. Rd1 $1 $16 {[%csl Gf6][%cal Rd1d8]} Ra8 77. Kxh2) 76... Ra7 (76... Kd7 $11) 77. Kh3 Kd7 78. Kg4 Ke6 79. Rb6+ Kd5 80. Kf5 Kc5 81. Rb3 (81. Rb1 $14) 81... Kc4 82. Rb8 Kd3 $1 83. Rb3+ Kc4 84. Rb8 Kd3 85. e4 Ke3 (85... Ra1 $11) 86. Rb3+ ({Much weaker is} 86. Bxg5+ Bxg5 87. Kxg5 Kxe4 $11) 86... Ke2 87. Bxg5 Bxg5 88. Kxg5 Re7 89. Kf6 Re6+ 90. Kf5 Re7 $1 91. Ra3 Kf2 92. Rb3 Ke2 $14 93. Kf4 Kd2 94. Rh3 Ke2 95. Rh8 Kd3 96. Rd8+ Ke2 97. Rd6 Ra7 98. e6 fxe6 99. Rxe6 Rf7+ 100. Ke5 Ke3 101. Re8 Ra7 102. Kf5 Ra4 103. e5 Rf4+ 104. Ke6 Re4 105. Kf6 Kf4 106. e6 Re5 107. Rf8 1-0